Histoire littéraire des grandes invasions germaniques

保存先:
書誌詳細
第一著者: Courcelle, Pierre (著者)
フォーマット: 図書
言語:フランス語
出版事項: París Hachette 1948
主題:
タグ: タグ追加
タグなし, このレコードへの初めてのタグを付けませんか!

MARC

LEADER 00000nam a2200000 a 4500
001 UCP9006
003 CL-VaPUC
008 000317e19480000FR |||||||||||||||||fre|d
082 0 4 |a 936.302  |b COU  |2 21 
100 0 |a Courcelle, Pierre  |e author  |9 439288 
245 1 0 |a Histoire littéraire des grandes invasions germaniques 
300 |a 264 p 
942 |c BK 
945 |d 20000317 00:00:00  |a rherrera 
260 |a París  |b Hachette  |c 1948 
650 0 |a Historia antigua  |9 267521 
650 7 |a GERMANOS  |2 CL-VaPUC  |9 322979 
650 7 |a INVASIONES  |2 CL-VaPUC  |9 392362 
650 0 |a Imperio Romano  |9 322785 
583 |a last modification  |c 20000317 00:00:00  |k Rodrigo Vera 
999 |c 285859  |d 285857 
952 |0 0  |1 0  |4 0  |6 936_302000000000000_COU_1948  |7 0  |8 X  |9 330710  |a BIBHIS  |b BIBHIS  |d 2019-11-20  |i 1394746  |o 936.302 COU 1948  |p 1394746  |r 2024-01-30  |w 2019-11-20  |y BK_X  |k HIS